Statistics for Countries Consumes Tea The Most

Click here to take the quiz!

General Stats

  • This quiz has been taken 66 times
  • The average score is 13 of 20

Answer Stats

tea consumptionAnswer% Correct
1.94 kgUnited Kingdom
98%
0.58 kgChina
96%
0.97 kgJapan
93%
1.38 kgRussia
86%
2.19 kgIreland
84%
3.16 kgTurkey
79%
0.57 kgCanada
75%
0.69 kgGermany
72%
0.75 kgAustralia
70%
1.01 kgEgypt
61%
1.99 kgIran
61%
0.90 kgSaudi Arabia
61%
0.65 kgUkraine
61%
1.19 kgNew Zealand
58%
1.00 kgPoland
54%
0.81 kgSouth Africa
54%
1.22 kgMorocco
51%
0.78 kgNetherlands
47%
0.72 kgUnited Arab Emirates
46%
1.18 kgChile
25%

Score Distribution

Percentile by Number Answered

Percent of People with Each Score

Your Score History

You have not taken this quiz